Economía de los cambios fonéticos (Registro nro. 99395)

Detalles MARC
000 -LEADER
campo de control de longitud fija 00791nam a2200217 i 4500
001 - NÚMERO DE CONTROL
campo de control 99395
003 - IDENTIFICADOR DE NÚMERO DE CONTROL
campo de control ES-MaACL
005 - FECHA Y HORA DE LA ÚLTIMA TRANSACCIÓN
campo de control 20230906182506.0
007 - CAMPO FIJO DE DESCRIPCIÓN FÍSICA--INFORMACIÓN GENERAL
campo de control de longitud fija t|
008 - DATOS DE LONGITUD FIJA--INFORMACIÓN GENERAL
campo de control de longitud fija 050907s1974 sp ||||1| spa d
020 ## - NÚMERO INTERNACIONAL ESTÁNDAR DEL LIBRO
Número Internacional Estándar del Libro 84-249-0587-3
100 1# - ENTRADA PRINCIPAL--NOMBRE DE PERSONA
Nombre de persona Martinet, André.
9 (RLIN) 77704
245 10 - MENCIÓN DEL TÍTULO
Título Economía de los cambios fonéticos
Resto del título : tratado de fonología diacrónica /
Mención de responsabilidad, etc. André Martinet; versión española de Alfredo de la Fuente Arranz.
260 ## - PUBLICACIÓN, DISTRIBUCIÓN, ETC.
Lugar de publicación, distribución, etc. Madrid :
Nombre del editor, distribuidor, etc. Gredos,
Fecha de publicación, distribución, etc. 1974.
300 ## - DESCRIPCIÓN FÍSICA
Extensión 563 p. ;
Dimensiones 20 cm.
490 1# - MENCIÓN DE SERIE
Mención de serie Biblioteca románica hispánica. II. Estudios y ensayos ;
Designación de volumen o secuencia 214
700 1# - ENTRADA AGREGADA--NOMBRE PERSONAL
Nombre de persona Fuente Arranz, Alfredo.
9 (RLIN) 52862
830 0# - PUNTO DE ACCESO ADICIONAL DE SERIE-TÍTULO UNIFORME
Título uniforme Biblioteca románica hispánica. II. Estudios y ensayos ;
Designación de volumen o secuencia 214
9 (RLIN) 178108
852 ## - LOCALIZACIÓN
Ubicación ES-MaACL
Número de control de estantería L-9875
Sublocalización o colección R.111807
Existencias
Estatus retirado Estado de pérdida Estado de daño No para préstamo Biblioteca de origen Biblioteca actual Ubicación en estantería Fecha de adquisición Fuente de adquisición Total de préstamos Signatura topográfica completa Código de barras Visto por última vez Precio de reemplazo Tipo de ítem Koha
        Biblioteca del Ateneo de Madrid Biblioteca del Ateneo de Madrid Depósito 2 17/01/2008     L-9875 1103787 23/02/2023 23/02/2023 Libro impreso